00699cam a2200229 a 45000010008000000030004000080050017000120080041000290100017000700200032000870400018001190500022001370820017001591000019001762450055001952500012002502600054002623000053003165000056003695000020004256500024004453071475OSt20150408114105.0970711s2011 caua 001 0 eng  a 97027737  a0534352154 (acidfree paper) aDLCcDLCdDLC00aQD251.2b.M4 199800a547221bMJF1 aMcMurry, John.10aFundamentals of organic chemistry /cJohn McMurry. a7th ed. aPacific Grove, CA :bBrooks/Cole Pub. Co.,c2011. axxii, 566, [50] p. :bill. (some col.) ;c26 cm. aA stereo viewer is bound into the back of the book. aIncludes index. 0aChemistry, Organic.